Largest Cities in Maharashtra - Statistics

General Stats
  • This quiz has been taken 34 times
  • The average score is 12 of 15
Answer Stats
Rank City District City
Proper
Population (2025)
District
Population
(2025)
% Correct
#1 Mumbai Mumbai City and Suburban 22.1M 22.9M
100%
# Navi Mumbai Thane District 2.6M 12.8M
100%
# Pune Pune District 7.5M 9.4M
100%
# Nagpur Nagpur District 3.1M 3.1M
97%
# Nashik Nashik District 2.35M 2.35M
97%
# Thane Thane District 2.2M 12.8M
93%
# Kolhapur Kolhapur District 669K 4.4M
90%
# Solapur Solapur District 1.1M 4.3M
86%
# Amravati Amravati District 825K 2.8M
83%
# Nanded Nanded District 773K 3.3M
83%
# Chhatrapati Sambhajinagar(Aurangabad) ChhatrapatiSambhajinagar District 1.8M 1.8M
76%
# Pimpri-Chinchwad Pune District 2.5M 9.4M
59%
# Vasai-Virar Palghar District 1.7M 4.10M
52%
# Bhiwandi Thane District 944K 12.8M
48%
# Kalyan-Dombivli Thane District 2.4M 12.8M
31%
No matching quizzes found
Score Distribution
Percent of People with Each Score
Percentile by Number Answered
Your Score History
You have not taken this quiz